000 01607cam a2200169 4500500
005 20260426012536.0
041 _afre
042 _adc
100 1 0 _aGoguel d’Allondans, Alban
_eauthor
245 0 0 _aLes métamorphoses du travail.
260 _c2005.
500 _a87
520 _aLa remise en cause du modèle industriel fordiste ne provoque pas la disparition du travail, mais sa transformation laquelle induit une instabilité institutionnelle. Le travail salarié constitué en norme sociale dominante de la vie sociale a été le moteur de la croissance économique des années 1950-1970. La globalisation des économies et la libre circulation des travailleurs ont provoqué la déconstruction de ce modèle. Quels sont les changements en cause ? Quelles sont les analyses formulées ? Quelles sont les réponses institutionnelles apportées ?
520 _aLabour metamorphosis. Requiem for salaried employment? The questioning of the fordist industrial model does not mean the end of labour, but its transformation in a context of institutional instability. The salaried work, as a dominant social standard, has been the engine of the economic expansion during the 1950-1970s. The economic globalization and the free circulation of workers has led to the destruction of this industrial model. What are the transformations? What is the sociological analysis of this question? What are the institutional answers?
786 0 _nInnovations | 22 | 2 | 2005-09-01 | p. 9-32 | 1267-4982
856 4 1 _uhttps://shs.cairn.info/revue-innovations-2005-2-page-9?lang=fr&redirect-ssocas=7080
999 _c2224234
_d2224234